| 000 | 01842cam a2200301 i 4500 | ||
|---|---|---|---|
| 003 | SA-RiAUC | ||
| 005 | 20240923101206.0 | ||
| 008 | 240922s1937 ua g 000 0 ara c | ||
| 040 |
_aSA-RiKSU _bara _cSA-RiAUC _erda |
||
| 082 | 0 | 4 | _a227.3 |
| 090 |
_a227.3 _bس ل ي |
||
| 100 | 1 |
_aسليمان الجمل، سليمان بن عمر بن منصور، _dتوفي 1204 هجري _eمؤلف. |
|
| 245 | 1 | 2 |
_aالفتوحات الإلهية بتوضيح تفسير الجلالين للدقائق الخفية / _cتأليف سليمان بن عمر العجيلي الشافعي الشهير بالجمل. |
| 264 | 1 |
_aالقاهرة : _bالمكتبة التجارية الكبرى، _c{1196} |
|
| 300 | _a4 مجلد | ||
| 336 |
_aنص _btxt _2rdacontent _3كتاب |
||
| 337 |
_aبدون وسيط _bn _2rdamedia |
||
| 338 |
_aمجلد _bnc _2rdacarrier |
||
| 500 | _aبالهامش كتاب تفسير الجلالين / للسيوطي والمحلي-إملاء ما من به الرحمن من وجوه الإعراب والقراءات في جميع القرآن / للعكبري. | ||
| 630 | 2 | 7 |
_aالقرآن _xتفاسير مأثورة _2aucut |
| 700 | 1 | 2 |
_aالجلال السيوطي، عبد الرحمن بن أبي بكر بن محمد، _d849-911 هجري. _tتفسير الجلالين. |
| 700 | 1 | 2 |
_aجلال الدين المحلي، محمد بن أحمد بن محمد، _d791-864 هجري. _tتفسير الجلالين. |
| 700 | 1 | 2 |
_aالعكبري، عبد الله بن الحسين بن عبد الله، _d538-616 هجري. _tالتبيان في إعراب القرآن. |
| 740 | 0 | 2 | _aتفسير الجلالين. |
| 740 | 0 | 2 | _aإملاء ما من به الرحمن من وجوه الإعراب والقراءات في جميع القرآن. |
| 942 |
_2ddc _cRARE BOOK _n0 |
||
| 949 |
_aSA-JeALM _d240922 _umohamedma123 _n1 |
||
| 999 |
_c500 _d500 |
||